|
|
|
|
| LEADER |
00000nam0a2200000 4500 |
| 001 |
9823 |
| 005 |
20231030182632.0 |
| 010 |
|
|
|a 5861340560
|
| 035 |
|
|
|a (RuTPU)RU\TPU\book\9878
|
| 035 |
|
|
|a BOOK00009940
|
| 090 |
|
|
|a 9823
|
| 100 |
|
|
|a 20011209d1998 k y0rusy50 ca
|
| 101 |
0 |
|
|a rus
|
| 102 |
|
|
|a RU
|
| 105 |
|
|
|a y z 000zy
|
| 200 |
1 |
|
|a Электрогравидинамическая модель НЛО, торнадо и тропического урагана
|f В. И. Меркулов
|
| 210 |
|
|
|a Новосибирск
|d 1998
|
| 215 |
|
|
|a 71 с.
|
| 610 |
1 |
|
|a вакуум
|
| 610 |
1 |
|
|a физика
|
| 610 |
1 |
|
|a НЛО
|
| 610 |
1 |
|
|a торнадо
|
| 610 |
1 |
|
|a ураганы
|
| 610 |
1 |
|
|a шаровые молнии
|
| 675 |
|
|
|a 533.5
|v 3
|
| 675 |
|
|
|a 551.515
|v 3
|
| 700 |
|
1 |
|a Меркулов
|b В. И.
|g Владимир Иванович
|
| 801 |
|
0 |
|a RU
|b 63413507
|c 20011209
|g PSBO
|
| 801 |
|
2 |
|a RU
|b 63413507
|c 20070831
|g PSBO
|
| 942 |
|
|
|c BK
|